000 00872nam a22002057a 4500
999 _c3086
_d3086
003 AR-CdUCM
008 190304b ||||| |||| 00| 0 esp d
020 _aISBN
040 _aMUNICIPALIDAD PROVINCIAL DEL CUSCO
_cBIBLIOTECA MUNICIPAL DEL CUSCO
082 _a869.569 / C77
_bC77
110 _aUniversidad Nacional de Córdoba (Argentina)
_910455
245 _aAula Vallejo 8, 9, 10 - años 1968-1971 :
_cCentro de Documentación e Investigación César Vallejo, director Juan Larrea /
260 _aCórdoba :
_bUniversidad Nacional de Córdoba (Argentina)
_bFacultad de Filosofía y Humanidades
_c1971
300 _a517 páginas. :
_c24 cm.
650 _aObra y personalidad del Poeta Cesar Vallejo
_98927
650 _aTextos de expositores
_98928
650 _aIntervención de las delegaciones universitarias
_98929
942 _2ddc
_cLIBROS
945 _arac
_d2019-03-04